| 000 | 01325nam a22002897a 4500 | ||
|---|---|---|---|
| 003 | DO-SdBNP | ||
| 005 | 20210628132611.0 | ||
| 007 | ta | ||
| 008 | 210525e2020 dr ac||gr|||| 001 0dspa d | ||
| 020 | _a9789945919394 | ||
| 040 |
_aDO-SdBNP _bspa _cBNPHU |
||
| 041 | _hspa | ||
| 082 | 4 |
_a972.93 _bO77r _222 |
|
| 100 |
_aOrtiz Núñez, Dantes, _d1957- _978662 |
||
| 245 |
_aReflexiones en torno a nuestra historia / _bDantes Ortíz Núñez. |
||
| 260 |
_aSanto Domingo : _bOcéano Azul, _c2020. |
||
| 300 |
_a293 p. : _bil. fots., mapa ; _c25 cm. |
||
| 500 | _aIncluye datos biográficos del autor en las solapas | ||
| 500 | _aIncluye referencias bibliográficas y notas al pie de las páginas. | ||
| 505 | 0 | _aPresentación. | |
| 505 | 0 |
_t1. Colonialismo.-- _t2. Duarte y el proceso de independencia.-- _t3. El caudillismo y su incidencia en la historia dominicana.-- _t4. La ocupación norteamericana.-- _t5. La dictadura de Trujillo.-- _t6. Período 1961 - 1965 _t7. Educación superior _t8. Constitución y representatividad.-- _t9. Cabildos.-- _t10. Reflexiones sobre temas internacionales. |
|
| 590 | _aInventariado, 2021/MFF | ||
| 590 | _aLa biblioteca posee 1 ejemplar autografiado por el autor | ||
| 651 | 4 |
_aRepública Dominicana _xHistoria _9170 |
|
| 910 | _aValidado. Control de calidad MFF | ||
| 942 |
_2ddc _cLBS1 |
||
| 999 |
_c49843 _d49843 |
||